000 01095nam a22003137a 4500
003 CHAP
005 20220329135818.0
008 971013s1993 r 10010 d
010 _a42644
011 _a43616
035 _a47752
040 _cCHAP
082 _a634.94
_bI58 1992
111 0 0 _aInternational Conference on Forest Vegetation Management Ecology, Practices and Policy (
_d1992
_c: Auburn, Ala.)
_959611
245 _aProceedings
260 _aAuburn, Ala. :
_bAuburn University School of Forestry,
_c1993
300 _av.
_b: ilus.
490 _aSchool of Forestry report
_v; 1993: 1
500 _aLa biblioteca tiene: v.2
590 _aBATCH-UPD
_b10
_c20130110
_lUCH01
_h2001
590 _aBATCH-UPD
_b10
_c20130410
_lUCH01
_h1321
590 _aBATCH-UPD
_b10
_c20130914
_lUCH01
_h1251
590 _aCONVERSION
_b10
_c20130109
_lUCH01
_h1323
650 1 4 _aEcologĂ­a forestal.
_935176
830 0 _aSchool of Forestry report
_v; 1993: 1
_9103139
901 _aBK
942 _cLIBRO
949 _a634.94 I58 1992
_bBC
_cLIBRO
_d33724000008744
_eLIBRO
_fv.2
_gI.c/e
_h89065
_i47752
_si
_t52.00
999 _c42644
_d42644